LIBRARY & INFORMATION CENTRE, KCAET, TAVANUR

ONLINE PUBLIC ACCESS CATALOGUE (OPAC)

Remote sensing and GIS for natural resource maangement / (Record no. 13226)

MARC details
000 -LEADER
fixed length control field 00395cam a2200145ua 4500
003 - CONTROL NUMBER IDENTIFIER
control field OSt
008 - FIXED-LENGTH DATA ELEMENTS--GENERAL INFORMATION
fixed length control field 241231b |||||||| |||| 00| 0 eng d
041 ## - LANGUAGE CODE
Language code of text/sound track or separate title eng
082 ## - DEWEY DECIMAL CLASSIFICATION NUMBER
Classification number 621.367
Item number ABH/RE
100 ## - MAIN ENTRY--AUTHOR NAME
Personal name Abhimanyu Kumar, Bir .
245 ## - TITLE STATEMENT
Title Remote sensing and GIS for natural resource maangement /
260 ## - PUBLICATION, DISTRIBUTION, ETC. (IMPRINT)
Place of publication Delhi :
Name of publisher Academic Excellence ,
Year of publication 2007.
300 ## - PHYSICAL DESCRIPTION
Number of Pages 275 ; .
942 ## - ADDED ENTRY ELEMENTS (KOHA)
Koha item type Books
Holdings
Withdrawn status Lost status Damaged status Home library Current library Date acquired Full call number Accession Number Koha item type
      KAUAET KAUAET 07/04/2012 621.367 ABH/RE 21854 Books
free website counter